[Event "OPEN A - XVII MIEDZYNARODOWY FESTIWAL SZ"]
[Site "Rewal"]
[Date "2012.??.??"]
[Round "3.6"]
[White "Lewtak, Damian"]
[Black "Guzik, Jolanta"]
[Result "1/2-1/2"]
[WhiteElo "2269"]
[BlackElo "2139"]
[PlyCount "25"]
[EventDate "2012.??.??"]

1. e4 e5 2. Nf3 Nc6 3. Bb5 Nge7 4. O-O g6 5. c3 Bg7 6. d4 exd4 7. cxd4 d5 8.
exd5 Nxd5 9. Re1+ Be6 10. Bg5 Qd6 11. Nbd2 O-O 12. Bxc6 Qxc6 13. Rc1 1/2-1/2

[Event "OPEN A - XVII MIEDZYNARODOWY FESTIWAL SZ"]
[Site "Rewal"]
[Date "2012.??.??"]
[Round "3.7"]
[White "Mitura, Vaclav"]
[Black "Dowgird, Filip"]
[Result "0-1"]
[WhiteElo "2169"]
[BlackElo "2121"]
[PlyCount "60"]
[EventDate "2012.??.??"]

1. d4 Nf6 2. c4 Nc6 3. Nf3 e6 4. Nc3 Bb4 5. e3 d6 6. Bd2 e5 7. d5 Bxc3 8. Bxc3
Ne7 9. b4 O-O 10. Be2 b5 11. Qb3 Bb7 12. Rd1 Qd7 13. O-O a5 14. a3 axb4 15.
Bxb4 bxc4 16. Bxc4 Rfb8 17. Rfe1 e4 18. Ng5 Qf5 19. Nh3 Bxd5 20. Nf4 Bxc4 21.
Qxc4 Rb7 22. Bc3 Rxa3 23. Rb1 Raa7 24. Rxb7 Rxb7 25. Bxf6 gxf6 26. Qa4 Kg7 27.
h3 h5 28. Rd1 Rb5 29. Qa8 Ng6 30. Ne2 Rb2 0-1

[Event "OPEN A - XVII MIEDZYNARODOWY FESTIWAL SZ"]
[Site "Rewal"]
[Date "2012.??.??"]
[Round "3.9"]
[White "Cyborowski, Lukasz"]
[Black "Zochowski, Kacper"]
[Result "1-0"]
[WhiteElo "2546"]
[BlackElo "2073"]
[PlyCount "87"]
[EventDate "2012.??.??"]

1. c4 e5 2. Nc3 Nc6 3. Nf3 d6 4. d4 Bg4 5. d5 Nce7 6. c5 Nf6 7. cxd6 cxd6 8. e4
Ng6 9. Qb3 Bxf3 10. gxf3 Be7 11. Qb5+ Qd7 12. Be3 O-O 13. Qxd7 Nxd7 14. Rc1 Nf6
15. Nb5 a6 16. Na3 Rac8 17. Rxc8 Rxc8 18. Bh3 Rb8 19. Kd2 Nf4 20. Bxf4 exf4 21.
Rc1 Bd8 22. Rc8 Rxc8 23. Bxc8 Bb6 24. Nc4 Bc7 25. Bxb7 a5 26. Bc8 Kf8 27. Kc3
Ke7 28. Kb3 Nd7 29. Bxd7 Kxd7 30. Ka4 Bd8 31. e5 dxe5 32. Nxe5+ Ke8 33. Kb5 Bc7
34. Nc4 Kd7 35. Kc5 g5 36. d6 Bd8 37. Kd5 Bf6 38. a4 h5 39. h3 Bg7 40. Nxa5
Bxb2 41. Nc4 Bc3 42. a5 Be1 43. Nb6+ Kd8 44. a6 1-0

[Event "OPEN A - XVII MIEDZYNARODOWY FESTIWAL SZ"]
[Site "Rewal"]
[Date "2012.??.??"]
[Round "3.10"]
[White "Weichhold, Pawel"]
[Black "Kasparova, Tatiana"]
[Result "1/2-1/2"]
[WhiteElo "2365"]
[BlackElo "2109"]
[PlyCount "60"]
[EventDate "2012.??.??"]

1. e4 d6 2. d4 Nf6 3. Nc3 e5 4. Nf3 Nbd7 5. Bc4 Be7 6. O-O O-O 7. a4 c6 8. Ba2
b6 9. h3 Bb7 10. dxe5 dxe5 11. Nh4 Nc5 12. Nf5 Ne6 13. Be3 Bb4 14. Qf3 Nd4 15.
Bxd4 exd4 16. Rad1 Bxc3 17. bxc3 c5 18. Qg3 g6 19. f3 Nh5 20. Qg4 Bc8 21. cxd4
cxd4 22. Rf2 Kh8 23. Qh4 Bxf5 24. Qxd8 Raxd8 25. exf5 gxf5 26. Rfd2 Nf4 27. Kh2
Ne6 28. Bxe6 fxe6 29. Rxd4 Rxd4 30. Rxd4 Rf7 1/2-1/2

[Event "OPEN A - XVII MIEDZYNARODOWY FESTIWAL SZ"]
[Site "Rewal"]
[Date "2012.??.??"]
[Round "3.11"]
[White "Paszewski, Mateusz"]
[Black "Skawinski, Arkadiusz"]
[Result "0-1"]
[WhiteElo "2066"]
[BlackElo "2311"]
[PlyCount "94"]
[EventDate "2012.??.??"]

1. c4 c6 2. g3 d5 3. Bg2 Nf6 4. Nf3 e6 5. b3 Nbd7 6. Bb2 Bd6 7. d4 O-O 8. O-O
Qe7 9. Ne5 c5 10. cxd5 exd5 11. Nxd7 Bxd7 12. dxc5 Bxc5 13. Nc3 d4 14. Na4 Bxa4
15. bxa4 Rad8 16. Qd3 Rfe8 17. Bf3 Qd7 18. Rac1 b6 19. Rc4 Re6 20. Rd1 Rd6 21.
a5 Ng4 22. Bxg4 Qxg4 23. axb6 axb6 24. Bc1 h5 25. Kg2 h4 26. h3 Qc8 27. a4 hxg3
28. fxg3 Re8 29. Rf1 Qc6+ 30. Kh2 Rde6 31. Rf2 Ra8 32. Qc2 Qe8 33. Rg2 Ra7 34.
Qa2 Re4 35. Bf4 Kh8 36. h4 f6 37. Qd2 Rxa4 38. Rxa4 Qxa4 39. Qd3 Qe8 40. Kg1
Re7 41. Rh2 Qh5 42. Kf1 Ra7 43. Rg2 Ra3 44. Qb1 d3 45. g4 Qd5 46. e3 Qf3+ 47.
Kg1 Qxf4 0-1

[Event "OPEN A - XVII MIEDZYNARODOWY FESTIWAL SZ"]
[Site "Rewal"]
[Date "2012.??.??"]
[Round "3.12"]
[White "Jalowiec, Halina"]
[Black "Banasik, Krzysztof"]
[Result "0-1"]
[WhiteElo "2046"]
[BlackElo "2269"]
[PlyCount "138"]
[EventDate "2012.??.??"]

1. e4 e6 2. d4 d5 3. Nd2 Nf6 4. e5 Nfd7 5. f4 c5 6. c3 Nc6 7. Ndf3 Qb6 8. Ne2
Be7 9. Qb3 O-O 10. Be3 Na5 11. Qxb6 axb6 12. Nd2 Nb8 13. g3 Bd7 14. Bg2 Rc8 15.
Kf2 Nbc6 16. a3 cxd4 17. Bxd4 Nxd4 18. Nxd4 Bc5 19. Rhc1 Bb5 20. Bf1 Bxf1 21.
Kxf1 Kf8 22. Ke2 Ke7 23. Nb5 Nc4 24. Nxc4 dxc4 25. Rd1 Rd8 26. Nd4 Bxd4 27.
Rxd4 Rxd4 28. cxd4 Kd7 29. Rc1 b5 30. Ke3 f5 31. exf6 gxf6 32. Ke4 Kd6 33. Rc2
f5+ 34. Ke3 Kd5 35. Rc3 b6 36. Kd2 b4 37. axb4 Ra2 38. Kc2 Kxd4 39. Rf3 b5 40.
Kb1 Ra4 41. Rf1 Rxb4 42. Rd1+ Kc5 43. Kc2 Rb3 44. Re1 Kd6 45. Rd1+ Ke7 46. Ra1
Kf6 47. Ra7 h5 48. Rh7 Kg6 49. Re7 Re3 50. Kd2 Re4 51. Rb7 Rd4+ 52. Kc2 Rd5 53.
Re7 h4 54. Rxe6+ Kh5 55. Re8 hxg3 56. hxg3 Kg4 57. Rg8+ Kf3 58. Rg5 b4 59. Rg7
Rd3 60. Rc7 b3+ 61. Kc1 Ke2 62. Re7+ Re3 63. Re5 Kd3 64. Rd5+ Ke4 65. Re5+ Kd4
66. Rxf5 Re1+ 67. Kd2 Rb1 68. Re5 Rxb2+ 69. Kc1 Rg2 0-1

[Event "OPEN A - XVII MIEDZYNARODOWY FESTIWAL SZ"]
[Site "Rewal"]
[Date "2012.??.??"]
[Round "3.13"]
[White "Musialkiewicz, Jan"]
[Black "Kamieniecki, Tomasz"]
[Result "1/2-1/2"]
[WhiteElo "2231"]
[BlackElo "1992"]
[PlyCount "59"]
[EventDate "2012.??.??"]

1. e4 Nf6 2. Nc3 d5 3. e5 Nfd7 4. d4 e6 5. Nf3 c5 6. dxc5 Bxc5 7. Bd3 Nc6 8.
Bf4 a6 9. O-O f6 10. exf6 Nxf6 11. Qd2 O-O 12. Rae1 Bd6 13. Bg3 Bxg3 14. hxg3
Qd6 15. Re2 Bd7 16. Rfe1 Rae8 17. Qd1 Qb4 18. Qc1 Nd4 19. Nxd4 Qxd4 20. Qg5 e5
21. Rxe5 Ne4 22. Bxe4 dxe4 23. R1xe4 Qxf2+ 24. Kh2 Rxe5 25. Qxe5 Rf5 26. Qb8+
Kf7 27. Qxb7 Rh5+ 28. Rh4 Rxh4+ 29. gxh4 Qxh4+ 30. Kg1 1/2-1/2

[Event "OPEN A - XVII MIEDZYNARODOWY FESTIWAL SZ"]
[Site "Rewal"]
[Date "2012.??.??"]
[Round "3.14"]
[White "Scibior, Adam"]
[Black "Kasperek, Joanna"]
[Result "1/2-1/2"]
[WhiteElo "2202"]
[BlackElo "2018"]
[PlyCount "107"]
[EventDate "2012.??.??"]

1. Nf3 c5 2. c4 Nc6 3. d4 cxd4 4. Nxd4 g6 5. e4 Bg7 6. Be3 Nf6 7. Nc3 Ng4 8.
Qxg4 Nxd4 9. Qd1 Nc6 10. Qd2 d6 11. Be2 Bd7 12. O-O O-O 13. Rfd1 Be6 14. Nd5
Bxd5 15. cxd5 Ne5 16. Rac1 a6 17. f4 Nd7 18. Qb4 b5 19. Rc6 f5 20. Rdc1 fxe4
21. Bg4 Nc5 22. Bxc5 dxc5 23. Be6+ Kh8 24. R1xc5 e3 25. Rc2 Qb8 26. g3 Qa7 27.
R2c5 a5 28. Qe4 Bxb2 29. Kg2 Bf6 30. Rc7 Qb8 31. g4 Qb6 32. g5 Bg7 33. R5c6 Qd4
34. Qxd4 Bxd4 35. Rxe7 Ra7 36. Rxa7 Bxa7 37. Kf3 Bd4 38. d6 Rd8 39. Bg4 Re8 40.
Ke2 Kg8 41. Kd3 Ba7 42. d7 Rd8 43. f5 Rxd7+ 44. Ke2 gxf5 45. Bxf5 Re7 46. h4
Rg7 47. Bd3 b4 48. h5 Bd4 49. Rd6 Bc3 50. g6 hxg6 51. Rd8+ Kh7 52. Kxe3 Re7+
53. Kf4 Kh6 54. hxg6 1/2-1/2

[Event "OPEN A - XVII MIEDZYNARODOWY FESTIWAL SZ"]
[Site "Rewal"]
[Date "2012.??.??"]
[Round "3.15"]
[White "Sowul, Bartosz"]
[Black "Puczylowski, Marcin"]
[Result "1-0"]
[WhiteElo "2196"]
[BlackElo "1984"]
[PlyCount "73"]
[EventDate "2012.??.??"]

1. d4 Nf6 2. c4 e6 3. Nc3 Bb4 4. e3 Bxc3+ 5. bxc3 d6 6. Bd3 O-O 7. Ne2 e5 8.
Ng3 Re8 9. Qc2 Nc6 10. d5 Na5 11. O-O b6 12. f4 Ba6 13. fxe5 dxe5 14. e4 Nd7
15. Qe2 Nc5 16. Nh5 Qh4 17. Qf3 f5 18. Qxf5 Rf8 19. Qxe5 Qg4 20. Rxf8+ Rxf8 21.
Be2 Qd7 22. Qd4 c6 23. Ba3 cxd5 24. Bxc5 bxc5 25. Qxc5 Bxc4 26. Bxc4 Nxc4 27.
exd5 Nb6 28. Qd4 Qf7 29. Ng3 Qxd5 30. Qxd5+ Nxd5 31. c4 Nf4 32. Rf1 g5 33. Rf3
Rd8 34. Ne4 Rd4 35. Nxg5 Rxc4 36. g3 Ng6 37. Rf6 1-0

[Event "OPEN A - XVII MIEDZYNARODOWY FESTIWAL SZ"]
[Site "Rewal"]
[Date "2012.??.??"]
[Round "3.16"]
[White "Poswiatowski, Michal"]
[Black "Palosz, Andrzej"]
[Result "1/2-1/2"]
[WhiteElo "2008"]
[BlackElo "2159"]
[PlyCount "57"]
[EventDate "2012.??.??"]

1. e4 c5 2. Nf3 e6 3. d4 cxd4 4. Nxd4 a6 5. Bd3 Nf6 6. O-O d6 7. Qe2 Be7 8. c4
O-O 9. Nc3 Qc7 10. Be3 Nbd7 11. Rac1 Re8 12. f4 Bf8 13. h3 b6 14. b4 Bb7 15.
Nb3 Rad8 16. a3 Qb8 17. Qf2 Ba8 18. Rfe1 d5 19. cxd5 exd5 20. e5 Ne4 21. Nxe4
dxe4 22. Bxb6 Nxb6 23. Qxb6 Re6 24. Qf2 g5 25. Nd4 e3 26. Qxe3 gxf4 27. Qxf4
Bh6 28. Nxe6 Bxf4 29. Nxf4 1/2-1/2

[Event "OPEN A - XVII MIEDZYNARODOWY FESTIWAL SZ"]
[Site "Rewal"]
[Date "2012.??.??"]
[Round "3.17"]
[White "Solnicki, Michal"]
[Black "Koitka, Jakub"]
[Result "1-0"]
[WhiteElo "2141"]
[BlackElo "1973"]
[PlyCount "51"]
[EventDate "2012.??.??"]

1. e4 c5 2. d4 cxd4 3. c3 Nf6 4. e5 Nd5 5. Nf3 Nc6 6. Bc4 Nb6 7. Bb3 g6 8. Ng5
e6 9. Ne4 Nxe5 10. Qxd4 Bg7 11. Bg5 Qc7 12. Bf6 Bxf6 13. Nxf6+ Ke7 14. O-O d6
15. Qh4 Kf8 16. Qh6+ Ke7 17. Nxh7 Nbd7 18. Qg7 Qd8 19. f4 Ng4 20. Bxe6 Kxe6 21.
Ng5+ Kf5 22. Qxf7+ Ndf6 23. Nf3 Qb6+ 24. Nd4+ Qxd4+ 25. cxd4 Be6 26. Qc7 1-0

[Event "OPEN A - XVII MIEDZYNARODOWY FESTIWAL SZ"]
[Site "Rewal"]
[Date "2012.??.??"]
[Round "3.18"]
[White "Andrzejewska, Anna"]
[Black "Miturova, Magdalena"]
[Result "0-1"]
[WhiteElo "1990"]
[BlackElo "2139"]
[PlyCount "60"]
[EventDate "2012.??.??"]

1. e4 e5 2. Nf3 Nc6 3. d4 exd4 4. Bc4 Nf6 5. e5 d5 6. Bb5 Nd7 7. O-O Be7 8. Bf4
O-O 9. Bxc6 bxc6 10. Nxd4 Nb8 11. Nd2 c5 12. N4f3 Nc6 13. c4 d4 14. Ne4 Rb8 15.
b3 Rb6 16. h3 Bb7 17. Nfd2 Nxe5 18. Bxe5 Re6 19. Nxc5 Bxc5 20. Bg3 f5 21. f3
Rg6 22. Bf4 Qh4 23. b4 Qxh3 24. Rf2 Qh4 25. bxc5 Qxf4 26. Nb3 Rd8 27. Qd2 Qh4
28. a4 Rh6 29. Kf1 d3 30. Ke1 Re6+ 0-1

[Event "OPEN A - XVII MIEDZYNARODOWY FESTIWAL SZ"]
[Site "Rewal"]
[Date "2012.??.??"]
[Round "3.19"]
[White "Warakomska, Anna"]
[Black "Adamowicz, Maciej"]
[Result "1/2-1/2"]
[WhiteElo "2136"]
[BlackElo "1969"]
[PlyCount "66"]
[EventDate "2012.??.??"]

1. e4 c5 2. Nf3 g6 3. d4 cxd4 4. Qxd4 Nf6 5. e5 Nc6 6. Qa4 Nd5 7. Qe4 Nc7 8.
Nc3 Bg7 9. Bf4 Ne6 10. Bg3 Qa5 11. Bc4 d6 12. O-O dxe5 13. Bb5 O-O 14. Bxc6
bxc6 15. Bxe5 Ng5 16. Qxc6 Bd7 17. Qxd7 Nxf3+ 18. gxf3 Bxe5 19. Qxe7 Rfe8 20.
Qh4 Bxc3 21. bxc3 Qxc3 22. Rad1 Qxc2 23. a4 Qc6 24. Qf4 Re6 25. Rc1 Qb6 26.
Rfd1 Rae8 27. Kg2 Re2 28. Qd4 Ra2 29. Qxb6 axb6 30. Rc7 Rxa4 31. Rd6 b5 32. Rf6
Rf8 33. Rb7 b4 1/2-1/2

[Event "OPEN A - XVII MIEDZYNARODOWY FESTIWAL SZ"]
[Site "Rewal"]
[Date "2012.??.??"]
[Round "3.20"]
[White "Bes, Michal"]
[Black "Zakrzewski, Marek"]
[Result "0-1"]
[WhiteElo "1977"]
[BlackElo "2121"]
[PlyCount "100"]
[EventDate "2012.??.??"]

1. e4 c5 2. Nc3 e6 3. Nf3 Nc6 4. d4 cxd4 5. Nxd4 Qc7 6. Be2 a6 7. O-O Nf6 8. a3
b5 9. Be3 Bb7 10. f4 Bc5 11. Kh1 Qb6 12. Nxc6 Bxe3 13. Ne5 d6 14. Ng4 Bd4 15.
Qd3 O-O 16. Nxf6+ Bxf6 17. Nd1 Rac8 18. c3 Rfd8 19. Ne3 Bc6 20. Bd1 a5 21. Bc2
g6 22. Ng4 Bg7 23. f5 h5 24. fxg6 hxg4 25. gxf7+ Kf8 26. e5 Qc5 27. Qh7 Bxe5
28. Qg8+ Ke7 29. Qh7 Rf8 30. Qh4+ Kd7 31. Qxg4 Qe3 32. Bb3 Qh6 33. h3 a4 34.
Ba2 Rh8 35. Kg1 Qe3+ 36. Rf2 Bg3 37. Bxe6+ Kc7 38. Raf1 Rcf8 39. c4 Bxf2+ 40.
Rxf2 Qe1+ 41. Rf1 Qe4 42. Qxe4 Bxe4 43. cxb5 Rh6 44. Rc1+ Kb6 45. Ba2 d5 46. b3
Rxf7 47. bxa4 Rg7 48. g4 Rxh3 49. Rc6+ Kb7 50. Bxd5 Rxg4+ 0-1

[Event "OPEN A - XVII MIEDZYNARODOWY FESTIWAL SZ"]
[Site "Rewal"]
[Date "2012.??.??"]
[Round "3.21"]
[White "Popiol, Michal"]
[Black "Golek, Jagoda"]
[Result "0-1"]
[WhiteElo "1870"]
[BlackElo "2061"]
[PlyCount "96"]
[EventDate "2012.??.??"]

1. d4 Nf6 2. c4 g6 3. Nc3 d5 4. cxd5 Nxd5 5. e4 Nxc3 6. bxc3 Bg7 7. Bc4 c5 8.
Ne2 O-O 9. Be3 Nc6 10. Rb1 Qc7 11. Bb3 Rd8 12. d5 Ne5 13. c4 Ng4 14. Bf4 e5 15.
Bd2 a6 16. f3 Nf6 17. Ba4 Ne8 18. Bxe8 Rxe8 19. Qa4 Bd7 20. Qa5 Qxa5 21. Bxa5
b5 22. O-O Rab8 23. Rb2 Bh6 24. Bc7 Rb7 25. Bd6 Bf8 26. Bxf8 Kxf8 27. Rfb1 Ke7
28. Kf2 Kd6 29. h4 f5 30. Ke3 Rf8 31. Rh1 fxe4 32. fxe4 Bg4 33. cxb5 axb5 34.
Nc3 Bd7 35. h5 g5 36. Rhb1 Rfb8 37. Rf1 b4 38. Nb1 c4 39. Rf6+ Kc5 40. Rbf2 b3
41. a3 b2 42. Rf7 Rb3+ 43. Ke2 Bg4+ 44. Kf1 Rd3 45. Rc2 Rd1+ 46. Kf2 Rxb1 47.
Rc7+ Kd6 48. R2xc4 Bd7 0-1

[Event "OPEN A - XVII MIEDZYNARODOWY FESTIWAL SZ"]
[Site "Rewal"]
[Date "2012.??.??"]
[Round "3.22"]
[White "Gabrys, Sebastian"]
[Black "Lewtak, Dominik"]
[Result "1/2-1/2"]
[WhiteElo "1790"]
[BlackElo "1776"]
[PlyCount "25"]
[EventDate "2012.??.??"]

1. e4 c5 2. Nf3 Nf6 3. Nc3 Nc6 4. d4 d5 5. exd5 Nxd5 6. Bb5 Nxc3 7. bxc3 cxd4
8. Bxc6+ bxc6 9. cxd4 Bg4 10. Qd3 Bxf3 11. Qxf3 Qd5 12. Qxd5 cxd5 13. Ba3
1/2-1/2

[Event "OPEN A - XVII MIEDZYNARODOWY FESTIWAL SZ"]
[Site "Rewal"]
[Date "2012.??.??"]
[Round "3.23"]
[White "Siedlinski, Piotr"]
[Black "Karwowski, Kacper"]
[Result "1-0"]
[WhiteElo "2092"]
[BlackElo "1864"]
[PlyCount "100"]
[EventDate "2012.??.??"]

1. e4 c5 2. Nf3 Nc6 3. d4 cxd4 4. Nxd4 e6 5. Nc3 a6 6. Nxc6 bxc6 7. Bd3 d5 8.
exd5 cxd5 9. O-O Be7 10. Bf4 Nf6 11. Qf3 O-O 12. Rfe1 Qb6 13. Rab1 Bb7 14. Qh3
Qb4 15. Be5 h6 16. Ne2 Qg4 17. Nf4 Qxh3 18. Nxh3 Nd7 19. Bd4 Bd6 20. f4 Rfe8
21. c3 f6 22. Rbd1 g5 23. fxg5 hxg5 24. Nf2 Kf7 25. Re2 f5 26. Rde1 Rad8 27.
Nh3 e5 28. Nxg5+ Kg6 29. Nh3 Rh8 30. Be3 Rdf8 31. Rf1 Nc5 32. Bc2 Ne4 33. Nf2
Ng5 34. Nd3 Ne6 35. Ref2 e4 36. Bf4 exd3 37. Bxd6 dxc2 38. Bxf8 Rxf8 39. Rxc2
f4 40. Re2 Rf6 41. Re5 Ng5 42. Re7 Bc6 43. h4 Ne4 44. Rd1 a5 45. Ra7 a4 46. Rd3
Kf5 47. Rf3 Ng3 48. Rg7 Nh5 49. Rg5+ Ke4 50. Rxh5 Bb5 1-0

[Event "OPEN A - XVII MIEDZYNARODOWY FESTIWAL SZ"]
[Site "Rewal"]
[Date "2012.??.??"]
[Round "3.24"]
[White "Starczewska, Dominika"]
[Black "Malinowski, Damian"]
[Result "1/2-1/2"]
[WhiteElo "1971"]
[BlackElo "1827"]
[PlyCount "28"]
[EventDate "2012.??.??"]

1. e4 c6 2. d4 d5 3. Nc3 dxe4 4. Nxe4 Bf5 5. Ng3 Bg6 6. h4 h6 7. h5 Bh7 8. Nf3
Nd7 9. Bd3 Bxd3 10. Qxd3 e6 11. Bf4 Qa5+ 12. Qd2 Qxd2+ 13. Nxd2 Ngf6 14. Nde4
Nxe4 1/2-1/2

[Event "OPEN A - XVII MIEDZYNARODOWY FESTIWAL SZ"]
[Site "Rewal"]
[Date "2012.??.??"]
[Round "3.25"]
[White "Swiderski, Radoslaw"]
[Black "Cyboran, Katarzyna"]
[Result "1-0"]
[WhiteElo "1934"]
[BlackElo "1773"]
[PlyCount "68"]
[EventDate "2012.??.??"]

1. e4 e6 2. d4 d5 3. Nd2 dxe4 4. Nxe4 Nd7 5. Bd3 Ngf6 6. Nf3 Nxe4 7. Bxe4 Nf6
8. Bg5 h6 9. Bxf6 Qxf6 10. O-O Qd8 11. Re1 Be7 12. Qe2 O-O 13. Rad1 c6 14. d5
cxd5 15. Bxd5 Qc7 16. Bc4 Bf6 17. c3 Bd7 18. Nd4 Rac8 19. Bb3 Rfe8 20. Qe4 Be7
21. Bc2 f5 22. Nxf5 exf5 23. Qd5+ Kh8 24. Qxd7 Qxd7 25. Rxd7 Ba3 26. Rxe8+ Rxe8
27. g3 Bxb2 28. c4 Rb8 29. Bxf5 a5 30. c5 Ba3 31. Rc7 Kg8 32. Be4 b6 33. c6 Re8
34. Bg6 Re6 1-0

[Event "OPEN A - XVII MIEDZYNARODOWY FESTIWAL SZ"]
[Site "Rewal"]
[Date "2012.??.??"]
[Round "3.26"]
[White "Grabarczyk, Sylwester Piotr"]
[Black "Czajkowski, Adam"]
[Result "0-1"]
[WhiteElo "1743"]
[BlackElo "1911"]
[PlyCount "98"]
[EventDate "2012.??.??"]

1. c4 Nf6 2. d4 c5 3. e3 cxd4 4. exd4 g6 5. Nc3 Bg7 6. Nf3 O-O 7. Bf4 d5 8. Be2
Nc6 9. O-O Be6 10. Ne5 Rc8 11. Nxc6 Rxc6 12. c5 b6 13. Qa4 Qa8 14. Bb5 Rcc8 15.
Ba6 bxc5 16. Bxc8 Rxc8 17. dxc5 Rxc5 18. Be3 Rc7 19. Rac1 Bd7 20. Qa5 Qb7 21.
Na4 Rxc1 22. Rxc1 Bc6 23. Qd8+ Ne8 24. b3 Qb4 25. h3 Be5 26. g3 d4 27. Bh6 Bc7
28. Qc8 Qd6 29. Qa6 Bd7 30. Qxd6 Bxd6 31. g4 Bxa4 32. bxa4 f6 33. Bd2 Kf7 34.
f3 f5 35. Rc4 Nf6 36. Bb4 Bf4 37. Kf1 e5 38. Rc7+ Ke6 39. Re7+ Kd5 40. Rxa7 e4
41. gxf5 e3 42. fxg6 hxg6 43. Be7 Nh5 44. Ke2 Bg3 45. Ra5+ Ke6 46. Bg5 Bf4 47.
Bh4 g5 48. Be1 Bc7 49. Ra6+ Kd5 0-1

[Event "OPEN A - XVII MIEDZYNARODOWY FESTIWAL SZ"]
[Site "Rewal"]
[Date "2012.??.??"]
[Round "3.27"]
[White "Smal, Tobiasz"]
[Black "Gorol, Jacek"]
[Result "1/2-1/2"]
[WhiteElo "1843"]
[BlackElo "1757"]
[PlyCount "70"]
[EventDate "2012.??.??"]

1. e4 d6 2. d4 Nf6 3. Nc3 g6 4. Nf3 Bg7 5. Bc4 Nc6 6. O-O Bg4 7. Be3 O-O 8. h3
Bxf3 9. Qxf3 e5 10. d5 Ne7 11. Bd3 Nd7 12. Qe2 a6 13. a4 f5 14. exf5 gxf5 15.
f3 Ng6 16. Rac1 Qh4 17. Qd2 Nc5 18. Qf2 Bh6 19. Qxh4 Bxe3+ 20. Qf2 Bxf2+ 21.
Rxf2 Nxd3 22. cxd3 Nf4 23. Rd2 Rae8 24. Kh2 Rf7 25. g3 Ng6 26. Re1 Ref8 27. b4
h5 28. Rg1 Kh7 29. d4 h4 30. b5 hxg3+ 31. Rxg3 axb5 32. axb5 Nh4 33. Rd3 exd4
34. Ne2 Re7 35. Nxd4 Ra8 1/2-1/2

[Event "OPEN A - XVII MIEDZYNARODOWY FESTIWAL SZ"]
[Site "Rewal"]
[Date "2012.??.??"]
[Round "4.1"]
[White "Kasparov, Sergey"]
[Black "Klim, Kamil"]
[Result "1-0"]
[WhiteElo "2490"]
[BlackElo "2357"]
[PlyCount "99"]
[EventDate "2012.??.??"]

1. Nf3 Nf6 2. c4 g6 3. b4 Bg7 4. Bb2 O-O 5. e3 d6 6. Be2 e5 7. d4 e4 8. Nfd2 c6
9. Nc3 Re8 10. h3 h5 11. a4 Nbd7 12. Qc2 Qe7 13. c5 d5 14. b5 Nf8 15. a5 a6 16.
bxc6 bxc6 17. Na4 Bf5 18. Nb6 Ra7 19. Qa4 Qe6 20. Nb1 g5 21. Nc3 N6d7 22. Bxh5
Qh6 23. g4 Bh7 24. h4 Qf6 25. O-O-O Qxf2 26. Rde1 Nb8 27. Rhf1 Qxh4 28. Ncxd5
Rd8 29. Nb4 Ne6 30. Qb3 Rf8 31. Bxf7+ Raxf7 32. Qxe6 Kh8 33. Rh1 Qg3 34. Nc2
Rf2 35. Reg1 Qf3 36. Qc4 Rg2 37. d5 Bxb2+ 38. Kxb2 Rxg1 39. Rxg1 cxd5 40. Qd4+
Kg8 41. Qxd5+ Kh8 42. Qd4+ Kg8 43. c6 Qf7 44. Qc3 Qc7 45. Nd5 Qd6 46. Rd1 Bg6
47. Nf6+ Qxf6 48. Qxf6 Rxf6 49. Rd8+ Kg7 50. c7 1-0

[Event "OPEN A - XVII MIEDZYNARODOWY FESTIWAL SZ"]
[Site "Rewal"]
[Date "2012.??.??"]
[Round "4.2"]
[White "Malaniuk, Vladimir P"]
[Black "Sieciechowicz, Marcin"]
[Result "1/2-1/2"]
[WhiteElo "2523"]
[BlackElo "2441"]
[PlyCount "38"]
[EventDate "2012.??.??"]

1. Nf3 Nf6 2. c4 g6 3. Nc3 d5 4. Qa4+ Bd7 5. Qb3 dxc4 6. Qxc4 a6 7. d4 b5 8.
Qb3 Bg7 9. e4 c5 10. dxc5 Bc6 11. e5 Nfd7 12. e6 Nxc5 13. exf7+ Kf8 14. Qc2 b4
15. Nd1 Qd6 16. Be3 Nbd7 17. Rc1 Bxf3 18. gxf3 Rc8 19. Be2 Kxf7 1/2-1/2

[Event "OPEN A - XVII MIEDZYNARODOWY FESTIWAL SZ"]
[Site "Rewal"]
[Date "2012.??.24"]
[Round "4.3"]
[White "Dowgird, Filip"]
[Black "Warakomski, Tomasz"]
[Result "1/2-1/2"]
[WhiteElo "2121"]
[BlackElo "2491"]
[PlyCount "132"]
[EventDate "2012.??.??"]

1. e4 e5 2. Nf3 Nc6 3. Bb5 Nf6 4. O-O Nxe4 5. Re1 Nd6 6. Nxe5 Be7 7. Bd3 Nxe5
8. Rxe5 O-O 9. Nc3 Ne8 10. b3 c6 11. Qe1 Bf6 12. Re2 d5 13. Ba3 Nd6 14. f3 b5
15. Bc5 b4 16. Na4 Bxa1 17. Qxa1 Re8 18. Rxe8+ Nxe8 19. Bxb4 Qf6 20. Bc3 Qf4
21. Qe1 Bf5 22. Be5 Qg5 23. Ba6 Qe7 24. d4 f6 25. Bg3 Qxe1+ 26. Bxe1 Nd6 27.
Bb4 Rd8 28. c3 Kf7 29. Kf2 h5 30. Ba5 Re8 31. Nc5 Bc8 32. Bd3 h4 33. Bc7 Nb5
34. Ba5 g5 35. a4 Nd6 36. Bc7 Nf5 37. g4 hxg3+ 38. hxg3 Ne3 39. Be2 g4 40. Bf4
gxf3 41. Bxe3 fxe2 42. Kxe2 Kg6 43. c4 Be6 44. Nxe6 Rxe6 45. Kd3 Re7 46. cxd5
cxd5 47. b4 Rb7 48. b5 a6 49. Kc3 axb5 50. a5 b4+ 51. Kb3 Rb5 52. Bf4 Rxa5 53.
Kxb4 Ra8 54. Kc5 Rd8 55. Bd6 Kg5 56. Kxd5 Kf5 57. Kc6 Ke4 58. Be7 Rg8 59. d5
Kf5 60. Bd6 Ra8 61. Bc7 Ra2 62. Kd7 Ra3 63. Ke7 Re3+ 64. Kd7 Ra3 65. Ke7 Re3+
66. Kd7 Ra3 1/2-1/2

[Event "OPEN A - XVII MIEDZYNARODOWY FESTIWAL SZ"]
[Site "Rewal"]
[Date "2012.??.??"]
[Round "4.4"]
[White "Cyborowski, Lukasz"]
[Black "Klekowski, Maciej"]
[Result "1-0"]
[WhiteElo "2546"]
[BlackElo "2314"]
[PlyCount "99"]
[EventDate "2012.??.??"]

1. d4 Nf6 2. c4 c5 3. Nf3 cxd4 4. Nxd4 e5 5. Nb5 d6 6. Bg5 a6 7. N5c3 Be6 8.
Nd2 Nbd7 9. g3 Qb6 10. Bxf6 Nxf6 11. Bg2 Be7 12. O-O O-O 13. Qb3 Qxb3 14. axb3
Rab8 15. Rfd1 b5 16. Rxa6 bxc4 17. Nxc4 Bxc4 18. bxc4 Rxb2 19. e3 Rc8 20. Nd5
Kf8 21. Nxf6 gxf6 22. Bd5 Rcb8 23. g4 Rb1 24. Rxb1 Rxb1+ 25. Kg2 Rb2 26. Ra7
Re2 27. h3 h6 28. Kg3 Rd2 29. Be4 Re2 30. Kf3 Rd2 31. Ra8+ Kg7 32. Re8 f5 33.
Rxe7 fxe4+ 34. Kxe4 Kf6 35. Rc7 Rxf2 36. Rc6 Ke7 37. c5 dxc5 38. Rxc5 Kf6 39.
Rxe5 Rh2 40. Rf5+ Kg6 41. Rf3 Ra2 42. Kf4 Rg2 43. e4 f6 44. h4 Ra2 45. Rd3 h5
46. gxh5+ Kxh5 47. Rf3 Kxh4 48. Rf1 Kh3 49. Rg1 Rg2 50. Rh1+ 1-0

[Event "OPEN A - XVII MIEDZYNARODOWY FESTIWAL SZ"]
[Site "Rewal"]
[Date "2012.??.24"]
[Round "4.5"]
[White "Skawinski, Arkadiusz"]
[Black "Janus, Przemyslaw"]
[Result "1-0"]
[WhiteElo "2311"]
[BlackElo "2149"]
[PlyCount "117"]
[EventDate "2012.??.??"]

1. e4 c5 2. c3 Nf6 3. e5 Nd5 4. d4 cxd4 5. Nf3 d6 6. Bc4 Nb6 7. Bb3 e6 8. cxd4
Nc6 9. Qe2 d5 10. Nc3 Bd7 11. h4 Be7 12. Bc2 Rc8 13. h5 a6 14. O-O Nb4 15. Bb1
Rxc3 16. bxc3 Bb5 17. Qe3 Bxf1 18. Kxf1 Nc6 19. Qf4 Na5 20. Qg3 Bf8 21. Bd3 Qc7
22. Ng5 h6 23. Nh3 Na4 24. Bd2 b5 25. Nf4 Nc4 26. Be1 Nab2 27. Bc2 Na3 28. Bb3
Nbc4 29. Bd1 Qd8 30. Nh3 Qc7 31. Kg1 Qd8 32. Rc1 Rg8 33. f4 Be7 34. Be2 Kf8 35.
Qf2 Qc8 36. Bd3 a5 37. Kh2 g6 38. Qe2 g5 39. Bg3 Qd8 40. f5 exf5 41. Bxf5 Kg7
42. Nf2 b4 43. Ng4 bxc3 44. Rxc3 Nb5 45. Rd3 Re8 46. Qf2 Nc7 47. Rf3 Rf8 48.
Bb1 Ne6 49. Nxh6 Kxh6 50. Rxf7 Rxf7 51. Qxf7 Nf8 52. Qg8 Bf6 53. exf6 Qxf6 54.
Qxd5 Ne3 55. Qd6 Kxh5 56. Qxf6 Ng4+ 57. Kh1 Nxf6 58. Bc7 Ne6 59. Bxa5 1-0

[Event "OPEN A - XVII MIEDZYNARODOWY FESTIWAL SZ"]
[Site "Rewal"]
[Date "2012.??.??"]
[Round "4.6"]
[White "Miturova, Magdalena"]
[Black "Lewtak, Damian"]
[Result "0-1"]
[WhiteElo "2139"]
[BlackElo "2269"]
[PlyCount "46"]
[EventDate "2012.??.??"]

1. e4 c5 2. Nf3 Nc6 3. d4 cxd4 4. Nxd4 d5 5. Bb5 dxe4 6. O-O Bd7 7. Nc3 Nxd4 8.
Qxd4 Bxb5 9. Qxd8+ Rxd8 10. Nxb5 a6 11. Nc7+ Kd7 12. Bf4 Kc6 13. c4 e6 14. c5
Nf6 15. b4 Nh5 16. Be5 f6 17. Nxe6 Re8 18. Nd4+ Kd5 19. Bc7 Kxd4 20. g4 Rc8 21.
Bb6 Nf4 22. c6+ Kd5 23. Rfd1+ Nd3 0-1